| 000 | 01768nam a22005177a 4500 | ||
|---|---|---|---|
| 008 | 151019b xxu||||| |||| 00| 0 eng d | ||
| 020 | _a9789968982450 | ||
| 082 |
_a708 _bV181e |
||
| 100 |
_aAdán Antonio Vallecillo [curador] _93766 |
||
| 245 |
_a+/- esperanza _cAdán Antonio Vallecillo [curador], Fiorella Resenterra |
||
| 246 | _aEsperanza: Muestra colectiva de arte contemporáneo Latinoamericano | ||
| 260 |
_aSan José _bMuseo de Arte y Diseño Contemporánreo (MADC) _c2010 |
||
| 300 |
_a64 p. _bill. (col.) _c25 cm. |
||
| 650 |
_aArte Contemporáneo _zAmérica Latina _93767 |
||
| 650 |
_aArtistas _93768 |
||
| 650 |
_aCatálogos de arte _93769 |
||
| 650 |
_aBellas Artes _93770 |
||
| 700 |
_aBarraza, Mayra _93771 |
||
| 700 |
_aCalel, Edgar _93772 |
||
| 700 |
_aCalzadilla, Anyelmaidelin _93773 |
||
| 700 |
_aCastillo,Eder _93774 |
||
| 700 |
_aCastillo, Segismundo _93775 |
||
| 700 |
_aConlon, Donna _93740 |
||
| 700 |
_aCortés, Fernando _93776 |
||
| 700 |
_aDomínguez, Natalia _93777 |
||
| 700 |
_aEsquivel, Mauricio _93778 |
||
| 700 |
_aFigueroa, Oscar _93779 |
||
| 700 |
_aGonzález, Leonardo _93780 |
||
| 700 |
_aHarker, Jonathan _93573 |
||
| 700 |
_aRatton, Dominique _93781 |
||
| 700 |
_aDalgo, Patricia _93782 |
||
| 700 |
_aGranda, Belén _93783 |
||
| 700 |
_aIbarra, Karlo _93784 |
||
| 700 |
_aLinares, Jorge _93475 |
||
| 700 |
_aMadriz, Lucía _93785 |
||
| 700 |
_aManzanares, César _93786 |
||
| 700 |
_aMiranda, Alexia _93787 |
||
| 700 |
_aMolinaro, Martín _93788 |
||
| 700 |
_aObdulio Peña, Omar _93789 |
||
| 700 |
_aOquelí, Jorge _93790 |
||
| 700 |
_aFrancisco Papas Fritas _93791 |
||
| 700 |
_aPoyón, Angel _92410 |
||
| 700 |
_aRomero, Miguel _93792 |
||
| 700 |
_aTorres, Admín _93793 |
||
| 700 |
_aVega, Simón _93639 |
||
| 999 |
_c755 _d755 |
||